Записи выступлений на царскосельском совещании под председательством Николая II в апреле 1906 г. и выписки из воспоминаний С. Ю....

Доступно только в Электронных читальных залах Найти на картеНа карте
RUSMARC
00004839nac2a22003371x 450
001cd571742-d647-47a4-b562-88632c7edc9f
00520131009111041.0
100##$a20130529l1906 k y0rusy50 ca
1010#$arus
102##$aRU
105##$ay z |||||
1220#$ad190604
2001#$aЗаписи выступлений на царскосельском совещании под председательством Николая II в апреле 1906 г. и выписки из воспоминаний С. Ю. Витте
$j1906
215##$a12 листов
251##$cДело
300##$aЗаголовок дела на папке: Записи Е. Пономаревой и А. Ф. Кони, сделанные на царскосельском совещании под председательством Николая II, в апреле 1906 г. и выписки из воспоминаний С. Ю. Витте
300##$aАвтограф
300##$aТетрадь
300##$aРукой Е. В. Пономаревой и частично А. Ф. Кони
300##$aРукописный текст
330##$aДокументальные материалы, отложившиеся в результате творческой деятельности А. Ф. Кони; Документальные материалы, собранные А. Ф. Кони для своих работ; К биографическим очеркам, мемуарам и другим работам А. Ф. Кони
461#0$10013a54f2e3-e9cf-409b-80fa-f0a9bd3c40cb
$12001
$aКони Анатолий Федорович, юрист, литератор, член академии наук, председатель Санкт-Петербургского окружного суда, член государственного совета
$1251
$cФонд
$1852
$j564
462#0$100178a475cd-a47d-4377-bff3-cee4b81de655
$12001
$aОпись дел фонда А. Ф. Кони за 1880-1931 гг.
$1251
$cОпись
$1852
$j1
517##$aЗаписи Е. Пономаревой и А. Ф. Кони, сделанные на царскосельском совещании под председательством Николая II, в апреле 1906 г. и выписки из воспоминаний С. Ю. Витте
600#1$aКони
$bА. Ф.
$f1844-1927
$gАнатолий Федорович
600#0$aНиколай
$cимп.
$dII
600#1$aВитте
$bС. Ю.
600#1$aПономарева
$bЕ. В.
801#0$aRU
$bGA_RF
801#1$aRU
$bНПО Опыт
$c20130529
$2rusmarc
801#2$aRU
$bПБ им. Б.Н. Ельцина
$c20131009
$gRCR
$2rusmarc
852##$aГА РФ
$j385
937##$d38568220
$hПБ
035##$aRuPRLIB51001254
Формат отображения